000 01055ngm a22003370a 4500
001 PT16540
003 AR-LpoUNG
005 20210202000209.0
007 vd cvaizq
008 191001s2001||||ag |||||||||||||||||spa d
037 _c$8.30
040 _aAR-LpoUNG
_bspa
_cAR-LpoUNG
_eaacr
041 _aspa
044 _aag
082 0 _a909 532V10
245 1 3 _aLa edad media :
_bel orden feudal
260 _aBuenos Aires :
_bKalender Video Argentina,
_c2001.
300 _aVHS (56 min.) : son., byn, col.
520 _aEn la primera parte se analiza la época conocida como Edad Media, en la segunda parte el orden económico y social de este período: las relaciones entre señores y vasallos del Orden Feudal.
650 4 _aFEUDALISMO
650 4 _aIGLESIA
650 4 _aINSTITUCIONES RELIGIOSAS
650 4 _aSISTEMAS ECONOMICOS
650 4 _aSOCIEDAD
650 4 _aTENENCIA DE TIERRAS
653 _aVIDEOS
653 _aVIDEOS DIDACTICOS
710 2 _aMetropolitan Museum of Art (New York)
905 _a16540
942 _cVIDEO
999 _c54322
_d54322